00358nam a2200133Ia 4500008004100000041000800041082001600049100002100065245003500086250000900121260005100130300003200181365001100213240624s9999 xx 000 0 und d aeng a515.353 EVA aEVANS LAWRENCE C aPARTIAL DIFFERENTIAL EQUATIONS ae 19 c2009aNew DelhibAmerican Mathematical Society axvii, : 662 : p. : cm. ; 24 cRSb25